Score 0/21 Timer 03:00
1 Play Today
Clue 5-Letter Word % Correct
★ Egypt's capital ★★ CAIRO ★
95.6%
★ France's capital ★★ PARIS ★
88.5%
Put to paperWRITE
84.5%
Part of an eggWHITE
83.1%
Auto shop inventoryPARTS
77.8%
An ape cousin, for shortCHIMP
76.3%
Arson, e.g.CRIME
72.7%
_____ in (interrupt)CHIME
69.7%
TweetCHIRP
68.9%
'Are we there yet?', e.g.WHINE
68.8%
Court ordersWRITS
68.7%
Clue 5-Letter Word % Correct
North-central European riverRHINE
66.4%
Best kind of ribsPRIME
63.6%
BlemishesWARTS
63.6%
Prefix meaning 'hand'CHIRO-
63.3%
Singer-songwriter Tom with a distinctive voiceWAITS
60.5%
Novel's content, not poetryPROSE
57.9%
Swiss-French riverRHÔNE
56.1%
Susceptible or vulnerablePRONE
51.6%
Use a lever (UK spelling)PRISE
51.1%
Conversation starterPHONE
48.5%

Today's Daily Dose

Remove Ads.
Support Sporcle.
Get the best of Sporcle when you Go Orange. This ad-free experience offers more features, more stats, and more fun while also helping to support Sporcle. Thank you for becoming a member.

You're not logged in!

Compare scores with friends on all Sporcle quizzes.
OR
Log In

Show Comments

Extras

Top Quizzes Today


Score Distribution

Your Account Isn't Verified!

In order to create a playlist on Sporcle, you need to verify the email address you used during registration. Go to your Sporcle Settings to finish the process.

Report this User

Report this user for behavior that violates our Community Guidelines.

Details: